书目信息 |
| 题名: |
餐厅服务学习手册
|
|
| 作者: | 李小兵 编著 | |
| 分册: | ||
| 出版信息: | 北京 旅游教育出版社 |
|
| 页数: | ||
| 开本: | ||
| 丛书名: | ||
| 单 册: | ||
| 中图分类: | F719.3 | |
| 科图分类: | ||
| 主题词: | 商业经济--国内 | |
| 电子资源: | ||
| ISBN: | 7-5637-1313-1 | |
| 000 | 00535nam0 2200181 450 | |
| 001 | 0659850756 | |
| 005 | 20061214163928.32 | |
| 010 | @a7-5637-1313-1@dCNY12.00 | |
| 100 | @a20061214d km y0chiy0120 ea | |
| 101 | 0 | @achi |
| 102 | @aCN@b110000 | |
| 200 | 1 | @a餐厅服务学习手册@Acan ting fu wu xue xi shou ce@f李小兵等编著@Fli xiao bing deng bian zhu |
| 210 | @a北京@c旅游教育出版社 | |
| 606 | 0 | @a商业经济@x国内 |
| 690 | @aF719.3@v3 | |
| 701 | 0 | @a李小兵@Ali xiao bing@4编著 |
| 801 | 0 | @aCN@bNISOFT@c20061214 |
| 905 | @a10447@dF719.3@eL290 | |
| 餐厅服务学习手册/李小兵等编著.-北京:旅游教育出版社 |
| ISBN 7-5637-1313-1:CNY12.00 |
| ● |
| 相关链接 |
|
|
|
正题名:餐厅服务学习手册
索取号:F719.3/L290
 
预约/预借
| 序号 | 登录号 | 条形码 | 馆藏地/架位号 | 状态 | 备注 |
| 1 | 444349 | 204443496 | 管理学院资料室/ [索取号:F719.3/L290] | 在馆 |